| 000 | 00393cam a22001337a 4500 | ||
|---|---|---|---|
| 008 | 180718b1963 xxu||||| |||| 00| 0 eng d | ||
| 082 | _aA6x53 C862 | ||
| 100 | _aCremeans, Chalres D. | ||
| 245 |
_aArabs and the world: Nasser;s Arab nationalist policy _cby Charles D. Cremeans |
||
| 260 |
_aNew York _bPraeger _c1963 |
||
| 300 | _a336p. | ||
| 650 | _aEgypt - Foreign Relations | ||
| 650 | _aArabs | ||
| 999 |
_c363134 _d363134 |
||